MARC

LEADER 00000nam0a2200000 4500
001 326767
005 20231102003907.0
035 |a (RuTPU)RU\TPU\book\352427 
090 |a 326767 
100 |a 20170116d1970 k y0rusy50 ca 
101 0 |a rus 
102 |a RU 
105 |a a z 001zy 
200 1 |a Методические печи  |f В. Л. Гусовский, Л. Г. Оркин, В. М. Тымчак  |g под ред. В. М. Тымчака 
210 |a Москва  |c Металлургия  |d 1970 
215 |a 430 с.  |c ил. 
320 |a Библиогр.: с. 429-430 
606 1 |a Нагревательные печи методические  |2 stltpush  |3 (RuTPU)RU\TPU\subj\44745  |9 64025 
610 1 |a конструкции 
610 1 |a режим работы 
610 1 |a нагрев 
610 1 |a заготовки 
610 1 |a транспортирование 
610 1 |a размеры 
610 1 |a подовые трубы 
610 1 |a системы отопления 
610 1 |a строительные конструкции 
610 1 |a компоновка 
610 1 |a надзор 
610 1 |a наладка 
610 1 |a эксплуатация 
675 |a 621.783.2  |v 3 
700 1 |a Гусовский  |b В. Л.  |g Виктор Львович 
701 1 |a Оркин  |b Л. Г.  |g Лев Германович 
701 1 |a Тымчак  |b В. М.  |g Вячеслав Михайлович 
702 1 |a Тымчак  |b В. М.  |4 340 
801 1 |a RU  |b 63413507  |c 20170116 
801 2 |a RU  |b 63413507  |c 20170118  |g RCR 
942 |c BK